Traslado de provisión que sacó de los archivos de Valladolid en que se mandó que los privilegios fechos por el señor Rey don Enrique en Simanca

Detalles Bibliográficos
Formato: Libro
Publicado: s.l., s.f.
Materias:
Colección:Banco de datos
Acervo:Biblioteca Palafoxiana. Colección de Manuscritos
Descripción Física:9 f. ; 29 x 20 cm.
Tema general:Civil
LEADER 00445nam a22001330004500
035 |a 2168 
245 1 0 |a Traslado de provisión que sacó de los archivos de Valladolid en que se mandó que los privilegios fechos por el señor Rey don Enrique en Simanca 
260 |a s.l., s.f. 
300 |a 9 f. ; 29 x 20 cm. 
650 1 0 |a Civil 
949 |a 38120/039 
942 |c PALAMANU 
943 |g Biblioteca Palafoxiana. Colección de Manuscritos 
999 |c 1070113  |d 1070113